Tre persone per un nome #2 - Statistics

Statistiche generali
  • Questo quiz è stato fatto 175 volte
  • Il punteggio medio è 14 su 16
Statistiche sulle risposte
Indizio Soluzione % Corretto
Orwell, Clooney, Michael George
99%
Cena, Travolta, Belushi John
99%
Hanks, Selleck, Cruise Tom
99%
Scorsese, Luther King Jr, Sheen Martin
98%
Verdi, Conte, Garibaldi Giuseppe
97%
Basinger, Jong-un, Kardashian Kim
94%
Newman, Rudd, McCartney Paul
93%
Pascoli, Spadolini, Ribisi Giovanni
92%
Elia, Ruggiero, Clerici Antonella
90%
Fassbender, Jordan, Douglas Michael
90%
Concato, Capello, Cannavaro Fabio
88%
Turing, Sorrenti, Greenspan Alan
80%
Bruni, Gugino, Fracci Carla
80%
Esposito, Giannini, Magalli Giancarlo
69%
Colombari, Navratilova, Hingis Martina
69%
Mori, Cardinale, Schiffer Claudia
68%
Nessun quiz corrispondente trovato
Distribuzione punteggi
Percentuale di utenti per punteggio
Percentile per numero di risposta
I tuoi punteggi nel tempo
Non hai fatto questo quiz